LEADER 01319nam a2200289 u 4500 001 000000029630 003 CaOOAMICUS 005 20070226111934.0 008 970508s1981 it u000 u ita u 035 $a10760996 040 $aPUL$bita$dPUL(R) 100 1 $aVitta, Edoardo.$0(OLS)http://pul/name/23948 245 10$aCodice degli atti internazionali sui diritti dell'uomo /$cEdoardo Vitta e Valerio Grementieri ; introduzione ai singoli atti di R. Barsotti, R. M. Battaglia ... [et al.]. 260 $aMilano :$bGiuffrè,$c1981. 300 $a1125 p. ;$c15 cm 500 $aComprende indici. 650 4$aDiritti umani.$0(OLS)http://pul/subject/3219 650 4$aDiritto internazionale.$0(OLS)http://pul/subject/2505 700 1 $aBattaglia, Rosa Maria.$0(OLS)http://pul/name/23951 700 1 $aBarsotti, Roberto.$0(OLS)http://pul/name/23950 700 1 $aGrementieri, Valerio.$0(OLS)http://pul/name/23949 850 $aPUL 852 $aPUL$W1$xDP1 Cons. Gen., Altre Classi 1$y22$m46 U 54$j41023$nBK-PRI$b $qStampati$B41023$CPULBib$Z2$F41023 $H $81 941 1 $a8 960 $aDiritti dell'uomo$93219 996 $6245$aCodice degli atti internazionali sui diritti dell'uomo$9(OLS)http://pul/title/40595 996 $6260$aMilano :$bGiuffrè$9(OLS)http://pul/publisher/48401 LEADER 01621nam a2200301 u 4500 001 000000085339 003 CaOOAMICUS 005 20070226124157.0 008 050822s1944 it u000 u ita u 035 $a11058189 040 $aPUL(R)$bita 100 1 $aBrucculeri, Angelo,$cS.I.,$d1879-1969.$0(OLS)http://pul/name/5599 245 10$aMeditazioni sociali :$bsalariato, profitto, partecipazionismo, cooperativismo, ... la questione sociale /$cA. Brucculeri. 260 $aRoma :$bLa civiltà cattolica,$c1944. 300 $a317 p. ;$c19 cm 490 1 $aQuestioni di attualità ;$v8 504 $aBibliografia in nota 650 4$aChiesa e società.$0(OLS)http://pul/subject/2506 650 4$aQuestione sociale.$0(OLS)http://pul/subject/2747 650 4$aLavoro$xAspetti morali e religiosi.$0(OLS)http://pul/subject/1144 830 0$aQuestioni di attualità ;$v8.$0(OLS)http://pul/title/25521 850 $aPUL 852 $aPUL$W1$xDP1 Fondo Cecchetti$y53$m276 B 29$j108452$nBK-PRI$b $qFondi$B108452$CPULBib$Z2$F108452 $HPUL7568 $81 852 $aPUL$W1$xDP1 Fondo Pastorale$y55$mP7 B 46$j108453$nBK-PRI$b $qFondi$B108453$CPULBib$Z2$F108453 $H $81 852 $aPUL$W1$xDP1 Fondo Pastorale$y55$mP19 D 11$j108454$nBK-PRI$b $qFondi$B108454$CPULBib$Z2$F108454 $H $81 941 1 $a1 996 $6245$aMeditazioni sociali :$bsalariato, profitto, partecipazionismo, cooperativismo, ... la questione sociale$9(OLS)http://pul/title/74197 996 $6260$aRoma :$bLa civiltà cattolica$9(OLS)http://pul/publisher/54759